000 00393nam a2200145Ia 4500
008 230711s9999||||xx |||||||||||||| ||und||
041 _aENG
082 _a621
_bCL-P
100 _aClash,Donald C
245 0 _aPhysical metalurgy for engineers
250 _a1st Ed.
260 _c1962
_aNew Delhi
_bEWP(Affiliated East-West Press Private Limited)
650 _aMechanical Engineering
942 _cBK
999 _c968
_d968